[Event "Mar del Plata op 43rd"]
[Site "Mar del Plata"]
[Date "2012.04.07"]
[Round "9"]
[White "Randazzo, Adrian"]
[Black "Orsini, Antonio"]
[Result "1/2-1/2"]
[WhiteElo "2302"]
[BlackElo "2352"]
[PlyCount "66"]
[EventDate "2012.03.31"]
[EventType "swiss"]
[EventRounds "9"]
[EventCountry "ARG"]
[SourceTitle "CBM 147 Extra"]
[Source "ChessBase"]
[SourceDate "2012.04.24"]
[SourceVersion "1"]
[SourceVersionDate "2012.04.24"]
[SourceQuality "1"]

1. e4 e6 2. d3 d5 3. Qe2 Nf6 4. Nf3 Be7 5. g3 b5 6. Bg2 c5 7. 0-0 Nc6 8. Re1 a5 9. exd5 exd5 10. c4 bxc4 11. dxc4 0-0 12. cxd5 Nxd5 13. Nc3 Nxc3 14. bxc3 Bf6 15. Qc2 Ba6 16. Rd1 Qc8 17. Ng5 g6 18. Ne4 Bg7 19. Bf4 Qf5 20. Qa4 Ne5 21. Nxc5 Be2 22. Rd5 Bf3 23. Rxe5 Bxe5 24. Bxf3 Bxf4 25. Qxf4 Qxc5 26. Bxa8 Rxa8 27. Qf6 Qc4 28. Qd4 Qxd4 29. cxd4 Rb8 30. Re1 Rb4 31. Re4 Ra4 32. d5 Rxa2 33. d6 Rd2 1/2-1/2

[Event "Mar del Plata op 43rd"]
[Site "Mar del Plata"]
[Date "2012.04.06"]
[Round "8"]
[White "Mahia, Gustavo"]
[Black "Orsini, Antonio"]
[Result "1/2-1/2"]
[WhiteElo "2399"]
[BlackElo "2352"]
[PlyCount "87"]
[EventDate "2012.03.31"]
[EventType "swiss"]
[EventRounds "9"]
[EventCountry "ARG"]
[SourceTitle "CBM 147 Extra"]
[Source "ChessBase"]
[SourceDate "2012.04.24"]
[SourceVersion "1"]
[SourceVersionDate "2012.04.24"]
[SourceQuality "1"]

1. d4 e6 2. Nf3 Nf6 3. g3 b5 4. Bg2 Bb7 5. 0-0 Be7 6. a4 b4 7. Nbd2 0-0 8. Re1 Ne4 9. Ne5 f5 10. Nb3 a5 11. f3 Nf6 12. Nd3 d6 13. e4 Re8 14. e5 dxe5 15. dxe5 Nd5 16. Ndc5 Bc8 17. f4 c6 18. Qd4 Na6 19. c4 Nxc5 20. Nxc5 Nxf4 21. Qxf4 Bxc5+ 22. Be3 Qb6 23. Qf2 Bxe3 24. Qxe3 Qxe3+ 25. Rxe3 Rd8 26. Bxc6 Ra7 27. Kf2 Rc7 28. Bb5 Bb7 29. Ke2 Be4 30. Rd1 Rxd1 31. Kxd1 Rc5 32. Kd2 Kf7 33. Re1 Rxe5 34. Bc6 Kf6 35. Bxe4 Rxe4 36. Rxe4 fxe4 37. Ke3 Ke5 38. b3 h5 39. h4 g6 40. Ke2 Kd4 41. Kd2 e3+ 42. Ke2 Ke4 43. Ke1 Kd4 44. Ke2 1/2-1/2

[Event "Villa Martelli Pro Am op 17th"]
[Site "Villa Martelli"]
[Date "2010.10.21"]
[Round "8"]
[White "Mayorga, Nicolas"]
[Black "Orsini, Antonio"]
[Result "1-0"]
[WhiteElo "2247"]
[BlackElo "2390"]
[PlyCount "77"]
[EventDate "2010.10.10"]
[EventType "swiss"]
[EventRounds "9"]
[EventCountry "ARG"]
[SourceTitle "CBM 138 Extra"]
[Source "ChessBase"]
[SourceDate "2010.10.29"]
[SourceVersion "1"]
[SourceVersionDate "2010.10.29"]
[SourceQuality "1"]

1. Nf3 Nf6 2. c4 g6 3. Nc3 Bg7 4. e4 d6 5. d4 0-0 6. Be2 Na6 7. 0-0 e5 8. Be3 Ng4 9. Bg5 Qe8 10. h3 h6 11. Bc1 Nf6 12. dxe5 dxe5 13. Be3 Qe7 14. Qc1 Kh7 15. Nd5 Qd8 16. Rd1 Nxe4 17. Nb6 axb6 18. Rxd8 Rxd8 19. a3 Nec5 20. Nd2 f5 21. b4 Nd3 22. Qf1 e4 23. Rd1 Nb2 24. Rb1 Nb8 25. c5 bxc5 26. Nc4 Nd3 27. bxc5 Be6 28. Nd2 Rxa3 29. Rxb7 f4 30. Nb1 Ra2 31. Bd2 g5 32. Bc3 Bxc3 33. Nxc3 Rc2 34. Rxc7+ Kg8 35. Bxd3 exd3 36. Qe1 Re2 37. Nxe2 d2 38. Qd1 Bb3 39. Qxb3+ 1-0

[Event "Villa Martelli Pro Am op 17th"]
[Site "Villa Martelli"]
[Date "2010.10.14"]
[Round "3"]
[White "Orsini, Antonio"]
[Black "Guerrero, Alvaro"]
[Result "1-0"]
[WhiteElo "2390"]
[BlackElo "2270"]
[PlyCount "59"]
[EventDate "2010.10.10"]
[EventType "swiss"]
[EventRounds "9"]
[EventCountry "ARG"]
[SourceTitle "CBM 138 Extra"]
[Source "ChessBase"]
[SourceDate "2010.10.29"]
[SourceVersion "1"]
[SourceVersionDate "2010.10.29"]
[SourceQuality "1"]

1. d4 d6 2. Nf3 Nf6 3. Bg5 Nbd7 4. c4 g6 5. Nc3 Bg7 6. e4 0-0 7. h3 e5 8. d5 h6 9. Be3 Nc5 10. Nd2 a5 11. g4 Ne8 12. h4 f5 13. exf5 gxf5 14. g5 e4 15. Qh5 Qe7 16. 0-0-0 f4 17. Bxc5 Bxc3 18. bxc3 Ng7 19. Qxh6 dxc5 20. Nxe4 Bf5 21. Nf6+ Kf7 22. Bd3 Bxd3 23. Rxd3 Qe5 24. Ng4 Qe4 25. f3 Qf5 26. g6+ Ke8 27. Qxg7 Kd8 28. d6 cxd6 29. Rxd6+ Kc8 30. Rd5 1-0

[Event "American Continental 06th"]
[Site "Sao Paulo"]
[Date "2009.07.31"]
[Round "8"]
[White "Zapata, Alonso"]
[Black "Orsini, Antonio"]
[Result "1/2-1/2"]
[WhiteElo "2523"]
[BlackElo "2352"]
[PlyCount "61"]
[EventDate "2009.07.25"]
[EventType "swiss"]
[EventRounds "11"]
[EventCountry "BRA"]
[SourceTitle "CBM 132 Extra"]
[Source "ChessBase"]
[SourceDate "2009.11.03"]
[SourceVersion "1"]
[SourceVersionDate "2009.11.03"]
[SourceQuality "1"]

1. e4 e6 2. d4 d5 3. Nd2 c5 4. exd5 Qxd5 5. Ngf3 cxd4 6. Bc4 Qd6 7. Qe2 Nf6 8. Nb3 Nc6 9. Bg5 a6 10. 0-0-0 b5 11. Bd3 Be7 12. Kb1 Bb7 13. Nbxd4 Nxd4 14. Nxd4 Qc5 15. h4 0-0 16. Rhe1 Rfe8 17. Nf3 h6 18. Ne5 Bd5 19. f4 Qc7 20. g3 Qa5 21. c4 bxc4 22. Nxc4 Qc7 23. Bxf6 Bxf6 24. Ne5 Rab8 25. Rc1 Qa7 26. Bc4 Bxe5 27. fxe5 Bxc4 28. Qxc4 Rb5 29. b3 Rd8 30. Qc2 Rbd5 31. Qc7 1/2-1/2

[Event "American Continental 06th"]
[Site "Sao Paulo"]
[Date "2009.07.26"]
[Round "3"]
[White "Orsini, Antonio"]
[Black "Iturrizaga Bonelli, Eduardo"]
[Result "0-1"]
[WhiteElo "2352"]
[BlackElo "2555"]
[PlyCount "79"]
[EventDate "2009.07.25"]
[EventType "swiss"]
[EventRounds "11"]
[EventCountry "BRA"]
[SourceTitle "CBM 132 Extra"]
[Source "ChessBase"]
[SourceDate "2009.11.03"]
[SourceVersion "1"]
[SourceVersionDate "2009.11.03"]
[SourceQuality "1"]

1. e4 c5 2. Nf3 a6 3. Nc3 e6 4. d4 cxd4 5. Nxd4 Qc7 6. Bd3 Nf6 7. Qe2 Bd6 8. a4 Be5 9. Nb3 Nc6 10. a5 0-0 11. Bd2 d5 12. Na4 Bd7 13. Nb6 Rad8 14. 0-0-0 dxe4 15. Bxe4 Nd4 16. Nxd4 Bxd4 17. Kb1 Bb5 18. Qf3 Nxe4 19. Qxe4 Bc6 20. Qg4 Qe5 21. Bb4 Rfe8 22. Nc4 Qf6 23. Nd6 Rxd6 24. Bxd6 Bxb2 25. Qf4 Bxg2 26. Rhg1 Bc6 27. Rg3 Rc8 28. Qxf6 Bxf6 29. Rd2 Bh4 30. Rc3 Bd8 31. Bb4 Bc7 32. h3 f6 33. Rc4 Kf7 34. c3 g5 35. Rcd4 h5 36. Kc2 h4 37. Kd1 b5 38. Ke1 g4 39. hxg4 h3 40. f4 0-1

[Event "American Continental 06th"]
[Site "Sao Paulo"]
[Date "2009.07.25"]
[Round "1"]
[White "Martins, Vilker Germano"]
[Black "Orsini, Antonio"]
[Result "0-1"]
[WhiteElo "2009"]
[BlackElo "2352"]
[PlyCount "84"]
[EventDate "2009.07.25"]
[EventType "swiss"]
[EventRounds "11"]
[EventCountry "BRA"]
[SourceTitle "CBM 132 Extra"]
[Source "ChessBase"]
[SourceDate "2009.11.03"]
[SourceVersion "1"]
[SourceVersionDate "2009.11.03"]
[SourceQuality "1"]

1. d4 Nf6 2. c4 g6 3. Nc3 Bg7 4. e4 d6 5. Bd3 0-0 6. Nf3 Bg4 7. h3 Bxf3 8. Qxf3 Nc6 9. Be3 Nd7 10. Ne2 Nde5 11. dxe5 Nxe5 12. Qg3 Nxd3+ 13. Kf1 Nxb2 14. Rc1 c5 15. Bd2 Qd7 16. Nf4 Qa4 17. Qb3 Be5 18. Ke2 b5 19. Nd5 e6 20. Nc7 Rab8 21. Nxb5 Qa6 22. Rb1 d5 23. exd5 exd5 24. Qa3 Qe6 25. Kf1 Nxc4 26. Qd3 Qa6 27. a4 Qxa4 28. Re1 Nxd2+ 29. Qxd2 Qxb5+ 30. Kg1 Bd4 31. Kh2 Qb2 32. Rd1 Qxd2 33. Rxd2 Rb2 34. Rhd1 Rxd2 35. Rxd2 a5 36. Ra2 Ra8 37. Kg3 a4 38. Kf3 a3 39. Ke2 Bb2 40. Kd3 c4+ 41. Kc2 d4 42. Kd1 d3 0-1

[Event "ARG-ch 84th"]
[Site "La Plata"]
[Date "2009.05.16"]
[Round "5"]
[White "Slipak, Sergio"]
[Black "Orsini, Antonio"]
[Result "1/2-1/2"]
[WhiteElo "2446"]
[BlackElo "2352"]
[PlyCount "112"]
[EventDate "2009.05.11"]
[EventType "tourn"]
[EventRounds "11"]
[EventCountry "ARG"]
[EventCategory "9"]
[SourceTitle "CBM 130 Extra"]
[Source "ChessBase"]
[SourceDate "2009.07.02"]
[SourceVersion "2"]
[SourceVersionDate "2009.07.15"]
[SourceQuality "1"]

1. d4 Nf6 2. c3 g6 3. Bg5 Bg7 4. Nd2 0-0 5. e3 d6 6. Bc4 Nbd7 7. Bb3 b5 8. Ne2 c5 9. 0-0 Bb7 10. a4 a6 11. h3 Nb6 12. a5 Nbd7 13. f4 c4 14. Bc2 Nd5 15. Rf3 f5 16. e4 N5f6 17. Ng3 e5 18. Rf1 exd4 19. cxd4 Qc7 20. exf5 Nd5 21. Nf3 Ne3 22. Qd2 Nxf1 23. Rxf1 Bxf3 24. Rxf3 Qa7 25. Ne2 gxf5 26. Be7 Rfe8 27. Re3 Nf6 28. Bxd6 Rxe3 29. Qxe3 Re8 30. Be5 Qd7 31. Ng3 Nd5 32. Qf3 Bxe5 33. dxe5 Ne7 34. Nxf5 Nxf5 35. Qg4+ Kh8 36. Bxf5 Qd4+ 37. Kh2 Rg8 38. Qh4 Rg7 39. e6 Qxb2 40. Bg4 Qd4 41. f5 c3 42. f6 Qf4+ 43. g3 Qf2+ 44. Kh1 Qf1+ 45. Kh2 Qf2+ 46. Kh1 Rxg4 47. Qxg4 Qf1+ 48. Kh2 Qf2+ 49. Kh1 Qf1+ 50. Kh2 Qf2+ 51. Kh1 Qxf6 52. Qe2 Kg7 53. e7 Qc6+ 54. Kh2 Kf7 55. e8Q+ Qxe8 56. Qf3+ Kg6 1/2-1/2

[Event "ARG-ch sf 84th"]
[Site "La Plata"]
[Date "2009.04.30"]
[Round "1"]
[White "Ruiz, Francisco"]
[Black "Orsini, Antonio"]
[Result "0-1"]
[WhiteElo "1918"]
[BlackElo "2352"]
[PlyCount "39"]
[EventDate "2009.04.30"]
[EventType "swiss"]
[EventRounds "9"]
[EventCountry "ARG"]
[SourceTitle "CBM 130 Extra"]
[Source "ChessBase"]
[SourceDate "2009.07.02"]
[SourceVersion "2"]
[SourceVersionDate "2009.07.15"]
[SourceQuality "1"]

1. e4 e6 2. d4 d5 3. exd5 exd5 4. Bd3 c5 5. c3 Nc6 6. Nf3 c4 7. Bc2 Bg4 8. Bf4 Qf6 9. Qe2+ Be7 10. Qe3 Nh6 11. Ne5 0-0 12. Bxh6 Nxe5 13. Bxg7 Nd3+ 14. Bxd3 Qxg7 15. 0-0 cxd3 16. Qxe7 Bh3 17. g3 Bxf1 18. Kxf1 Rfe8 19. Qxb7 Qh6 20. Na3 0-1

[Event "ARG-ch 83rd"]
[Site "La Plata"]
[Date "2008.08.08"]
[Round "9"]
[White "Orsini, Antonio"]
[Black "Kovalyov, Anton"]
[Result "0-1"]
[WhiteElo "2341"]
[BlackElo "2548"]
[PlyCount "74"]
[EventDate "2008.07.30"]
[EventType "tourn"]
[EventRounds "11"]
[EventCountry "ARG"]
[EventCategory "9"]
[SourceTitle "CBM 125 Extra"]
[Source "ChessBase"]
[SourceDate "2008.09.01"]
[SourceVersion "1"]
[SourceVersionDate "2008.09.01"]
[SourceQuality "1"]

1. e4 c5 2. Nf3 e6 3. Nc3 Nc6 4. d4 cxd4 5. Nxd4 a6 6. Be2 Nge7 7. Bf4 Ng6 8. Nxc6 bxc6 9. Bd6 Bxd6 10. Qxd6 Qe7 11. 0-0-0 Qxd6 12. Rxd6 Ke7 13. Rhd1 Nf4 14. Bf3 Rb8 15. R6d2 e5 16. Na4 Rd8 17. Nc5 a5 18. Bg4 d5 19. Bxc8 Rdxc8 20. g3 Ne6 21. Nb3 a4 22. Na5 d4 23. Nc4 f6 24. a3 Rb5 25. Re2 Rcb8 26. Kb1 Rc5 27. Nd2 Nc7 28. Ree1 Nb5 29. Kc1 d3 30. c4 Nd4 31. Kb1 Nc2 32. Rg1 Nxa3+ 33. Ka2 Nxc4 34. Nxc4 Rxc4 35. Rxd3 Rc2 36. Rgd1 Rcxb2+ 37. Ka3 R8b3+ 0-1

[Event "ARG-ch 83rd"]
[Site "La Plata"]
[Date "2008.08.02"]
[Round "4"]
[White "Tristan, Leonardo"]
[Black "Orsini, Antonio"]
[Result "1-0"]
[WhiteElo "2366"]
[BlackElo "2341"]
[PlyCount "110"]
[EventDate "2008.07.30"]
[EventType "tourn"]
[EventRounds "11"]
[EventCountry "ARG"]
[EventCategory "9"]
[SourceTitle "CBM 125 Extra"]
[Source "ChessBase"]
[SourceDate "2008.09.01"]
[SourceVersion "1"]
[SourceVersionDate "2008.09.01"]
[SourceQuality "1"]

1. e4 e6 2. d4 d5 3. Nd2 c5 4. c3 cxd4 5. cxd4 dxe4 6. Nxe4 Bb4+ 7. Nc3 Nf6 8. Bd3 0-0 9. Nf3 b6 10. 0-0 Bb7 11. Bg5 Nbd7 12. Rc1 Rc8 13. Qe2 Bxc3 14. bxc3 Qc7 15. c4 Rfe8 16. Rfe1 h6 17. Bd2 Qc6 18. Qe3 Red8 19. Qf4 e5 20. Qg3 exd4 21. Nxd4 Qxg2+ 22. Qxg2 Bxg2 23. Kxg2 Nc5 24. Bf5 Rxd4 25. Bc3 Rcd8 26. Bxd4 Rxd4 27. Rcd1 Rxd1 28. Rxd1 g6 29. Rd8+ Kg7 30. Bh3 Nfe4 31. Ra8 Nd6 32. Rxa7 Nxc4 33. Bd7 Kf6 34. a4 Ke5 35. Be8 Nd6 36. Bxf7 Nxf7 37. Rxf7 Nxa4 38. Rg7 Kf5 39. Ra7 Nc3 40. Rc7 Nd5 41. Rc6 h5 42. h4 Ke4 43. Kf1 b5 44. Rxg6 b4 45. Ke1 Nf4 46. Rb6 Kf3 47. Kf1 Nd3 48. Rb5 Kg4 49. Rd5 Nf4 50. Rd4 b3 51. Rb4 b2 52. Rxb2 Kxh4 53. Rb3 Kg4 54. Kg1 h4 55. Kh2 Nd5 1-0

[Event "Pereyra Puebla Memorial 06th"]
[Site "Mendoza"]
[Date "2007.12.20"]
[Round "7"]
[White "Barria Yaitul, Armin"]
[Black "Orsini, Antonio"]
[Result "1-0"]
[WhiteElo "2074"]
[BlackElo "2363"]
[PlyCount "63"]
[EventDate "2007.12.14"]
[EventType "swiss"]
[EventRounds "9"]
[EventCountry "ARG"]
[SourceTitle "CBM 121 Extra"]
[Source "ChessBase"]
[SourceDate "2008.01.10"]
[SourceVersion "1"]
[SourceVersionDate "2008.01.10"]
[SourceQuality "1"]

1. e4 c5 2. Nf3 b6 3. d4 cxd4 4. Nxd4 Bb7 5. Nc3 a6 6. Bc4 e6 7. 0-0 Qc7 8. Qe2 Bd6 9. f4 Ne7 10. Be3 Bb4 11. f5 Nbc6 12. fxe6 dxe6 13. Bxe6 fxe6 14. Nxe6 Qe5 15. Qg4 Ng6 16. Nd5 Bd6 17. Nxg7+ Qxg7 18. Qe6+ Be7 19. Nf6+ Qxf6 20. Rxf6 Nd8 21. Qxb6 Bxf6 22. Qxf6 Rf8 23. Qb6 Rf7 24. Rd1 Nc6 25. Bc5 Nge5 26. Qb3 Bc8 27. Qg3 Ng6 28. h4 Bd7 29. h5 Nf8 30. Rf1 Nd8 31. Rxf7 Kxf7 32. Qf4+ 1-0

[Event "Pereyra Puebla Memorial 06th"]
[Site "Mendoza"]
[Date "2007.12.19"]
[Round "6"]
[White "Orsini, Antonio"]
[Black "Ricardi, Pablo"]
[Result "0-1"]
[WhiteElo "2363"]
[BlackElo "2519"]
[PlyCount "56"]
[EventDate "2007.12.14"]
[EventType "swiss"]
[EventRounds "9"]
[EventCountry "ARG"]
[SourceTitle "CBM 121 Extra"]
[Source "ChessBase"]
[SourceDate "2008.01.10"]
[SourceVersion "1"]
[SourceVersionDate "2008.01.10"]
[SourceQuality "1"]

1. d4 Nf6 2. c4 g6 3. Nc3 d5 4. cxd5 Nxd5 5. Bd2 Nb6 6. Bf4 Bg7 7. e3 0-0 8. Rc1 Be6 9. Nf3 c5 10. Be2 cxd4 11. Nxd4 Bxd4 12. exd4 Nc6 13. Be3 Nd5 14. Bh6 Re8 15. Bf3 Nxc3 16. bxc3 Bc4 17. Qa4 b5 18. Qa6 e5 19. Bxc6 exd4+ 20. Bxe8 Qxe8+ 21. Be3 dxe3 22. f3 Rd8 23. Qf6 Rd2 24. Rd1 Re2+ 25. Kf1 Rxa2+ 26. Ke1 Re2+ 27. Kf1 Rd2+ 28. Ke1 Qd7 0-1

[Event "LNA Puma Cup"]
[Site "Argentina"]
[Date "2006.09.16"]
[Round "3"]
[White "Slipak, Sergio"]
[Black "Orsini, Antonio"]
[Result "1/2-1/2"]
[WhiteElo "2463"]
[BlackElo "2331"]
[PlyCount "96"]
[EventDate "2006.09.03"]
[EventType "swiss"]
[EventRounds "8"]
[EventCountry "ARG"]
[SourceTitle "EXT 2008"]
[Source "ChessBase"]
[SourceDate "2007.11.25"]
[SourceVersion "1"]
[SourceVersionDate "2007.11.25"]
[SourceQuality "1"]

1. Nf3 Nf6 2. b3 g6 3. Bb2 Bg7 4. g3 d6 5. d4 c5 6. e3 0-0 7. Bg2 cxd4 8. exd4 Nc6 9. 0-0 d5 10. Re1 Bf5 11. Na3 Be4 12. c3 Ne8 13. Nc2 Nd6 14. Ne3 e6 15. Bf1 f5 16. Ng2 g5 17. Nd2 g4 18. Nf4 Qd7 19. Nxe4 Nxe4 20. Bg2 Rad8 21. Qe2 e5 22. dxe5 Bxe5 23. c4 Bxf4 24. gxf4 Rfe8 25. cxd5 Qxd5 26. Rad1 Qe6 27. Ba1 Kf7 28. Qb2 Qg6 29. Qc2 Nd2 30. Kh1 Nf3 31. Bxf3 Rxd1 32. Rxd1 gxf3 33. Qc4+ Kf8 34. Qc5+ Kg8 35. Qd5+ Kf8 36. Qxf3 Qg4 37. Qxg4 fxg4 38. Kg2 Kf7 39. Kg3 h5 40. Rd5 Re1 41. Bc3 Rc1 42. Bd2 Rd1 43. Kh4 Ke6 44. Rd3 Rh1 45. Kxh5 Kf5 46. Rd5+ Ke4 47. Rd7 Kf3 48. Kg5 Rxh2 1/2-1/2

[Event "Buenos Aires CC Argentino"]
[Site "Buenos Aires"]
[Date "2006.06.30"]
[Round "10"]
[White "Diaz, Robert"]
[Black "Orsini, Antonio"]
[Result "0-1"]
[WhiteElo "2307"]
[BlackElo "2290"]
[PlyCount "72"]
[EventDate "2006.06.21"]
[EventType "tourn"]
[EventRounds "11"]
[EventCountry "ARG"]
[EventCategory "3"]
[SourceTitle "CBM 112 Extra"]
[Source "ChessBase"]
[SourceDate "2006.07.14"]
[SourceVersion "1"]
[SourceVersionDate "2006.07.14"]
[SourceQuality "1"]

1. e4 e6 2. d4 d5 3. e5 c5 4. c3 Nc6 5. Nf3 Qb6 6. a3 Nh6 7. b4 cxd4 8. Bxh6 gxh6 9. cxd4 Bd7 10. Be2 Rc8 11. 0-0 Bg7 12. Qd3 f6 13. b5 Nxe5 14. dxe5 fxe5 15. Nc3 e4 16. Nxe4 dxe4 17. Qxe4 Bxa1 18. Rxa1 0-0 19. Rf1 Bxb5 20. Bxb5 Qxb5 21. Qxe6+ Kh8 22. Qe4 Qb2 23. Qe3 a5 24. h3 b5 25. Rd1 a4 26. Kh2 Qf6 27. Qe2 b4 28. axb4 Qf4+ 29. Kh1 a3 30. Qe1 Rfe8 31. Qf1 a2 32. Ra1 Rc2 33. Qd1 Rxf2 34. Qd5 Qe4 35. Qb3 Qc2 36. Qf7 Qg6 0-1

[Event "Buenos Aires CC Argentino"]
[Site "Buenos Aires"]
[Date "2006.06.23"]
[Round "3"]
[White "Orsini, Antonio"]
[Black "Granara Barreto, Sebastian A"]
[Result "1-0"]
[WhiteElo "2290"]
[BlackElo "2273"]
[PlyCount "103"]
[EventDate "2006.06.21"]
[EventType "tourn"]
[EventRounds "11"]
[EventCountry "ARG"]
[EventCategory "3"]
[SourceTitle "CBM 112 Extra"]
[Source "ChessBase"]
[SourceDate "2006.07.14"]
[SourceVersion "1"]
[SourceVersionDate "2006.07.14"]
[SourceQuality "1"]

1. e4 c5 2. Nf3 d6 3. d4 cxd4 4. Nxd4 Nf6 5. Nc3 g6 6. Be3 Bg7 7. f3 0-0 8. Qd2 Nc6 9. Bc4 Nd7 10. 0-0-0 Nb6 11. Be2 Ne5 12. b3 Bd7 13. h4 h5 14. Rdg1 Rc8 15. g4 hxg4 16. f4 Nc6 17. h5 Nxd4 18. Bxd4 e5 19. fxe5 dxe5 20. Be3 Be6 21. Bd3 Qe7 22. hxg6 fxg6 23. Nb5 Rf3 24. Kb1 Nd7 25. Be2 Rxe3 26. Qxe3 Nf6 27. c4 Nxe4 28. Bxg4 Nc5 29. Qh3 Bxg4 30. Rxg4 Rc6 31. Qh7+ Kf8 32. Rf1+ Rf6 33. Rd1 a6 34. Nc3 Qe6 35. Rg5 Kf7 36. Rd8 Rf1+ 37. Kc2 Rf2+ 38. Kd1 Rf1+ 39. Ke2 Rf2+ 40. Kd1 Rf1+ 41. Ke2 Rf2+ 42. Kxf2 Qf6+ 43. Ke2 Qxg5 44. Qg8+ Kf6 45. Rd6+ Kf5 46. Qc8+ Kf4 47. Qxc5 Qh5+ 48. Kd2 Qh2+ 49. Ne2+ Kf5 50. Qc8+ Kg5 51. Qe6 Qh5 52. Rd3 1-0

[Event "Buenos Aires CC Argentino"]
[Site "Buenos Aires"]
[Date "2006.06.22"]
[Round "2"]
[White "Liascovich, Lucas Agustin"]
[Black "Orsini, Antonio"]
[Result "1-0"]
[WhiteElo "2399"]
[BlackElo "2290"]
[PlyCount "61"]
[EventDate "2006.06.21"]
[EventType "tourn"]
[EventRounds "11"]
[EventCountry "ARG"]
[EventCategory "3"]
[SourceTitle "CBM 112 Extra"]
[Source "ChessBase"]
[SourceDate "2006.07.14"]
[SourceVersion "1"]
[SourceVersionDate "2006.07.14"]
[SourceQuality "1"]

1. d4 Nf6 2. c4 g6 3. Nc3 Bg7 4. e4 d6 5. Be2 0-0 6. Nf3 Na6 7. Be3 e5 8. 0-0 c6 9. dxe5 dxe5 10. c5 Nc7 11. Qb3 Ne6 12. Rad1 Qe7 13. Nxe5 Nxc5 14. Qa3 Qxe5 15. Bxc5 Re8 16. f4 Qc7 17. e5 Nd7 18. Bd6 Qb6+ 19. Kh1 a5 20. Bc4 a4 21. Nxa4 Rxa4 22. Qxa4 Qxb2 23. Qb3 Qxb3 24. Bxb3 Nf8 25. Bc7 Ne6 26. Bb6 Bf8 27. f5 gxf5 28. Rxf5 Be7 29. Rdf1 Rf8 30. Be3 Kg7 31. Rh5 1-0

[Event "Buenos Aires-ch qual"]
[Site "Buenos Aires"]
[Date "2006.03.29"]
[Round "9.2"]
[White "Orsini, Antonio"]
[Black "Mahia, Gustavo"]
[Result "0-1"]
[WhiteElo "2257"]
[BlackElo "2426"]
[PlyCount "120"]
[EventDate "2006.03.21"]
[EventType "swiss"]
[EventRounds "9"]
[EventCountry "ARG"]
[SourceTitle "CBM 111 Extra"]
[Source "ChessBase"]
[SourceDate "2006.05.09"]
[SourceVersion "1"]
[SourceVersionDate "2006.05.09"]
[SourceQuality "1"]

1. e4 e5 2. Nf3 Nc6 3. Bb5 Nf6 4. 0-0 Nxe4 5. Re1 Nd6 6. Nxe5 Be7 7. Bf1 Nxe5 8. Rxe5 0-0 9. d4 Bf6 10. Re1 Nf5 11. d5 Re8 12. Nd2 Rxe1 13. Qxe1 d6 14. Ne4 Bd7 15. c3 Qe7 16. Bd3 Re8 17. Qd1 Nh4 18. Bd2 Bf5 19. Qa4 Bxe4 20. Re1 Bxd3 21. Qxe8+ Qf8 22. Qd7 Bf5 23. Qxc7 g5 24. Qxb7 h6 25. Qxa7 Qc8 26. Qa4 Be5 27. Qc6 Qd8 28. Rxe5 dxe5 29. c4 Kg7 30. a4 Bd7 31. Qd6 f6 32. a5 Qc8 33. Bb4 Kg6 34. Qc5 Qb7 35. Qb6 Qc8 36. Qc5 Qa6 37. b3 Nf5 38. Qb6 Bc8 39. Bc5 Kf7 40. f3 Qxb6 41. axb6 Ke8 42. Kf2 Kd7 43. Ke2 Ba6 44. g3 h5 45. Kd3 g4 46. fxg4 hxg4 47. Ke4 Nd6+ 48. Bxd6 Kxd6 49. Kf5 Bc8+ 50. Ke4 f5+ 51. Kd3 Kc5 52. Kc3 Kxb6 53. b4 Bb7 54. Kd3 Kc7 55. Ke3 Kd6 56. Kf2 Bxd5 57. cxd5 Kxd5 58. Kg2 Kc4 59. h4 gxh3+ 60. Kxh3 Kxb4 0-1

[Event "Buenos Aires-ch qual"]
[Site "Buenos Aires"]
[Date "2006.03.27"]
[Round "8.1"]
[White "Peralta, Fernando"]
[Black "Orsini, Antonio"]
[Result "1/2-1/2"]
[WhiteElo "2512"]
[BlackElo "2257"]
[PlyCount "46"]
[EventDate "2006.03.21"]
[EventType "swiss"]
[EventRounds "9"]
[EventCountry "ARG"]
[SourceTitle "CBM 111 Extra"]
[Source "ChessBase"]
[SourceDate "2006.05.09"]
[SourceVersion "1"]
[SourceVersionDate "2006.05.09"]
[SourceQuality "1"]

1. d4 Nf6 2. c4 g6 3. Nc3 Bg7 4. e4 d6 5. Nf3 0-0 6. Be2 Na6 7. 0-0 e5 8. Be3 Ng4 9. Bg5 Qe8 10. dxe5 dxe5 11. h3 h6 12. Bd2 Nf6 13. Be3 Qe7 14. a3 c6 15. b4 Nh5 16. Re1 Qf6 17. Ra2 Nf4 18. Bf1 Rd8 19. Rd2 Rxd2 20. Nxd2 Nc7 21. Nb3 h5 22. Bxf4 exf4 23. e5 Qe7 1/2-1/2

[Event "Buenos Aires-ch qual"]
[Site "Buenos Aires"]
[Date "2006.03.23"]
[Round "3.30"]
[White "Quarracino, Santiago"]
[Black "Orsini, Antonio"]
[Result "0-1"]
[WhiteElo "2060"]
[BlackElo "2257"]
[PlyCount "100"]
[EventDate "2006.03.21"]
[EventType "swiss"]
[EventRounds "9"]
[EventCountry "ARG"]
[SourceTitle "CBM 111 Extra"]
[Source "ChessBase"]
[SourceDate "2006.05.09"]
[SourceVersion "1"]
[SourceVersionDate "2006.05.09"]
[SourceQuality "1"]

1. e4 e6 2. d4 d5 3. Nc3 Nf6 4. e5 Nfd7 5. f4 c5 6. Nf3 Nc6 7. Be3 cxd4 8. Nxd4 Bc5 9. Qd2 0-0 10. 0-0-0 a6 11. Na4 Bb4 12. c3 Be7 13. Nb3 b5 14. Nac5 Nb6 15. Qf2 Nc4 16. Bxc4 bxc4 17. Nd4 Qc7 18. Nxc6 Qxc6 19. g4 a5 20. Rhf1 a4 21. f5 exf5 22. gxf5 f6 23. e6 Ra5 24. Nd7 Bxd7 25. exd7 a3 26. d8Q axb2+ 27. Kb1 Bxd8 28. Rd2 Rb5 29. Rxb2 Bc7 30. Rxb5 Qxb5+ 31. Ka1 Rb8 32. Bd4 Bd6 33. Qc2 Be5 34. Bxe5 fxe5 35. f6 gxf6 36. Rxf6 d4 37. Rf1 Kh8 38. Rg1 d3 39. Qg2 Qb7 40. Qf2 Qe7 41. Qe3 Rd8 42. Re1 e4 43. Rd1 Qe5 44. Rc1 d2 45. Rd1 Rd3 46. Qh6 Qxc3+ 47. Kb1 Qb4+ 48. Ka1 Qc3+ 49. Kb1 Rd8 50. Qb6 Qd3+ 0-1

[Event "American Continental 03rd"]
[Site "Buenos Aires"]
[Date "2005.08.14"]
[Round "9"]
[White "Sosa Harrison, Jorge"]
[Black "Orsini, Antonio"]
[Result "1-0"]
[WhiteElo "2346"]
[BlackElo "2233"]
[PlyCount "101"]
[EventDate "2005.08.06"]
[EventType "swiss"]
[EventRounds "11"]
[EventCountry "ARG"]
[SourceTitle "CBM 107 Extra"]
[Source "ChessBase"]
[SourceDate "2005.09.01"]
[SourceVersion "1"]
[SourceVersionDate "2005.09.01"]
[SourceQuality "1"]

1. Nf3 g6 2. d4 Bg7 3. g3 d6 4. Bg2 c5 5. 0-0 cxd4 6. Nxd4 Qb6 7. c3 Nc6 8. Nxc6 bxc6 9. Qb3 Qc7 10. c4 h5 11. h4 Nh6 12. Nc3 Be6 13. Qa4 Rc8 14. Nd5 Qb7 15. Bg5 f6 16. Be3 Nf5 17. Bd2 0-0 18. Nf4 Bf7 19. e4 Nh6 20. Bc3 e5 21. Nd3 Be6 22. Rfd1 f5 23. c5 fxe4 24. Qxe4 d5 25. Qxg6 Bf5 26. Qg5 d4 27. Be1 Bxd3 28. Rxd3 Qxb2 29. Rad1 Qe2 30. Qd2 Qg4 31. Qg5 Qe2 32. R3d2 Qg4 33. Rb1 Qxg5 34. hxg5 Nf7 35. f4 Nd8 36. Bh3 Ra8 37. f5 Nf7 38. f6 Bh8 39. Be6 Rfe8 40. Bc4 Kf8 41. g6 Ng5 42. g7+ Bxg7 43. fxg7+ Kxg7 44. Rb7+ Kh6 45. Kg2 Ne4 46. Rc2 Rad8 47. Bd3 Ng5 48. Rf2 Re6 49. Bf5 Rf6 50. Bd2 Rh8 51. Be4 1-0